| 000 | 00552nam a22001817a 4500 | ||
|---|---|---|---|
| 999 |
_c3495 _d3495 |
||
| 003 | AR-CdUCM | ||
| 008 | 190306b ||||| |||| 00| 0 por d | ||
| 040 |
_aMUNICIPALIDAD PROVINCIAL DEL CUSCO _cBIBLIOTECA MUNICIPAL DEL CUSCO |
||
| 082 |
_a868.94 / _bCH27 |
||
| 100 |
_aChaves, Helio _911487 |
||
| 245 | _aVersos condenados / | ||
| 260 |
_aPetrópolis : _bArtes gráfica impressora, _c1951. |
||
| 300 |
_a69 paginas ; _c17 cm. |
||
| 650 |
_aVersos portugueses _911488 |
||
| 650 |
_aLiteratura portugués _911489 |
||
| 942 |
_2ddc _cLIBROS |
||
| 945 | _arah | ||